000 00937nam a22002777a 4500
001 4510
003 FISKH
005 20250428111118.0
008 240912b cb ||||| |||| 00| 0 eng d
020 _a9780545265010
040 _aFISKH
_beng
_cFISKH
_dFISKH
050 _aPZ7.E53
082 _a428.1
100 _aElting, Mary
_eauthor
245 _aQ is for duck :
_bAn alphabet guessing game /
_cby Mary Elting & Michael Folsom / Pictures by Jack Kent
260 _aNew York :
_bScholastic ;
_c1980 .
300 _a63 unnumbered pages :
_bcolor illustrations ;
_c24 cm .
505 _aF
520 _aWhile learning some facts about animals, the reader is challenged to guess why A is for zoo, B is for dog, and C is for hen.
521 8 _a300
_bLexile estimate
521 8 _aF
_bRaz-Plus
650 _aalphabet book
_vfiction
700 _aKent, Jack
_eillustrator
942 _2ddc
_cBK
_n0
999 _c4510
_d4510